000 00549nam a2200169Ia 4500
999 _c13237
_d13237
082 _aTE.0005
100 _aEhsanul, Haq
245 0 _aEducation and politicization : An analysis of the sources and consequences
260 _c1975
_bJawaharlal Nehru University
300 _a260p.
650 _aEDUCATION AND STATE///POLITICS AND EDUCATION
650 _aPOLITICS AND EDUCATION
650 _aEDUCATION AND POLITICS//POLITICS AND EDUCATION
650 _aPOLITICS, PRACTICAL///POLITICS AND EDUCATION
710 _aOommen, T.K.
942 _cTH
_2ddc